000 02522nkm0a2200469 4500
001 RU\NLR\BIBL_A\022747653
005 20260426072851.0
035 _a(NLR Aleph) 022747653
090 _a13693360
_c13693360
100 _a20260426 rusy50
101 0 _arus
102 _aRU
116 _aiiycxx zz ad
135 _acrcn 024anaba
181 0 _ab4
_bxb2e
182 0 _an
200 1 _aНатуральные виноградные вина Сочи
_eсадов В. А. Хлудова
_eКавказ, берег Черного моря
_e[плакат]
203 _aИзображение
_bнеподвижное
_bдвухмерное
_bвизуальное
_cнепосредственное
210 _aМосква
_cЛит. т/д И. Н. Грызунов
_d[между 1912 и 1917]
215 _a1 л.
_cфотомех. печ.
_d51,9х34,9
300 _aРеклама вин садов Хлудова Василия Алексеевича (1841-1913), предпринимателя, землевладелца, мецената, члена правления Егорьевской бумагопрядильной фабрики, основателя парка "Ривьера" в городе Сочи
325 _aКопия доступна в Электрон. б-ке РНБ
606 1 _aРекламный плакат русский
_z1868 - 1917
_92200006
_3RU\NLR\AUTH\6601557021
606 1 _aВиноградная лоза
_jПлакаты
_91125883
_3RU\NLR\AUTH\66127084
606 1 _aГоры
_jПлакаты
_91131218
_3RU\NLR\AUTH\66130083
606 1 _aСуда
_jПлакаты
_91049438
_3RU\NLR\AUTH\6687375
606 1 _aКипарисы
_jПлакаты
_91392113
_3RU\NLR\AUTH\66585225
607 _aЧерное море
_jПлакаты
_91135727
_3RU\NLR\AUTH\66132787
686 _aЩ153(2Р=Рус)53-466
712 0 0 _4610
_aГрызунов,
_cМосква
_gИ. Н.,
_hторговый дом
_92705870
_3RU\NLR\AUTH\880641662
852 0 0 _aNLR
_bЭ
_jР.Рус./Торг.14
_mЭаф11339
856 0 _uhttps://vivaldi.nlr.ru/la700001801/view
856 1 _uhttps://vivaldi.nlr.ru/la700001801/cover
856 2 _uhttps://vivaldi.nlr.ru/la700001801/text
942 _cVISUAL
980 _aNB
981 1 7 _a(17) Изографические материалы
_b(17) Плакаты